| 000 | 01130nam a2200325 i 4500 | ||
|---|---|---|---|
| 001 | 000005075 | ||
| 003 | DO-SdBNP | ||
| 005 | 20250723103154.0 | ||
| 007 | ta | ||
| 008 | 090729s2022 dr a r 000 0 spa d | ||
| 020 | _a9789945643473 | ||
| 040 |
_aDO-SdBNP _bspa _cBNPHU _erda |
||
| 041 | _aspa | ||
| 082 | 1 |
_a342 _bM671p, 2022 _222 |
|
| 100 | 1 |
_a Mirabal, Minerva, _d1926-1960 _eautor _4aut. _9919 |
|
| 245 | 1 | 3 |
_aEl principio de la irretroactividad de las leyes y la jurisprudencia dominicana / _cMinerva Mirabal |
| 264 | 1 |
_aSanto Domingo : _bTribunal Constitucional, _c2022. |
|
| 300 |
_a71 paginas ; _c26 cm. |
||
| 336 |
_atexto _btxt _2rdacontent |
||
| 337 |
_asin mediación _bn _2rdamedia |
||
| 338 |
_avolumen _bnc _2rdacarrier |
||
| 490 | _aClásicos de derecho constitucional | ||
| 590 | _aInventariado, 2023 / DG | ||
| 650 | 4 |
_aRetroactividad de las leyes _zRepública Dominicana _914577 |
|
| 650 | 4 |
_aDerecho comparado _zRepública Dominicana _914578 |
|
| 650 | 4 |
_aLegislación _zRepública Dominicana _93032 |
|
| 650 | 4 |
_aFilosofia del derecho _zRepública Dominicana _914579 |
|
| 910 | _aDG | ||
| 942 |
_2ddc _cLBS1 |
||
| 999 |
_c53994 _d53994 |
||